000 00601nam a2200253 a 4500
003 AR-BaBNM
005 20251128203427.0
008 082120s2002 ||||||||||||||000 | spa||
040 _cAR-BaBNM
100 1 _aCastagno, Antonio
245 0 0 _aSímbolos y mitos políticos
260 _aBuenos Aires
_bEudeba
_c1980
300 _axv, 93 p.
490 0 _aTemas. Política
504 _aBibliografía: p. 89-93
650 4 _aPOLITICA
650 4 _aESTRATEGIAS
650 4 _aESTADO
650 4 _aCIENCIAS POLITICAS
650 4 _aSIMBOLOS
653 _aMITOS
942 _cBK
998 _cSILVI
999 _c3336
_d3336